00530nam a2200205 a 4500001001300000003000900013005001700022008004100039020000900080082001600089100002400105245002300129260003500152300000900187500003500196505002400231650002500255650002000280700002400300nice12345678IN_TiNIC20260116012850.0050524s1981 boma grp 000 0 urd  ac6000a891.41bRIZ aRiza, Kalidas Gupta aKuliyat-E-Chakbast aBombaybSakar Publishersc1981 a400p aincludes index and biblioraphy2 aIndex, Bibliography aUrdu-Poetry-chakbast aChakbast-Poetry1 aRiza, Kalidas Gupta